| 000 | 00748nam a2200241Ia 4500 | ||
|---|---|---|---|
| 003 | OSt | ||
| 005 | 20220927105108.0 | ||
| 006 | a|||||r|||| 00| 0 | ||
| 007 | ta | ||
| 008 | 220926b |||||||| |||| 00| 0 eng d | ||
| 024 | _a175224 | ||
| 037 | _cReference Collections | ||
| 040 |
_aRTL _cRTL _beng |
||
| 041 |
_2eng _aeng |
||
| 082 | _a"W, 31m2, N74, L4.84, 14" | ||
| 110 |
_a"INDIA, RAJYA SABHA" _9370076 |
||
| 245 | 0 |
_aRajya sabha official report _b" Parliamentary debates. v.87, 14-25" |
|
| 260 |
_aNew _bDelhi Rajya Sabha Secretariat _c1974 |
||
| 300 |
_aVarious pagination _ccm. |
||
| 700 |
_a"INDIA, RAJYA SABHA" _9370077 |
||
| 942 |
_h"W, 31m2, N74, L4.84, 14" _cCC |
||
| 999 |
_c690595 _d690595 |
||